Research methods for social work / (Record no. 3079)

MARC details
000 -LEADER
fixed length control field 01815nam a2200217Ia 4500
020 ## - INTERNATIONAL STANDARD BOOK NUMBER
ISBN 9780495095156
020 ## - INTERNATIONAL STANDARD BOOK NUMBER
ISBN 049509515X
020 ## - INTERNATIONAL STANDARD BOOK NUMBER
ISBN 0495501727
020 ## - INTERNATIONAL STANDARD BOOK NUMBER
ISBN 9780495501725
050 00 - CALL NUMBER
Classification number HV11
Item number .R84
100 1# - AUTHOR
Personal name Rubin, Allen.
245 10 - TITLE
Title Research methods for social work /
Statement of responsibility, etc Allen Rubin, Earl R. Babbie.
250 ## - EDITION
Edition statement Sixth edition.
260 ## - PUBLICATION INFORMATION
Place of publication Belmont, CA :
Name of publisher Thomson/Brooks/Cole,
Year of publication ©2008.
300 ## - DESCRIPTION
Number of Pages xix, 668 pages :
Other physical details illustrations ;
Dimensions 24 cm.
500 ## - NOTES
General note Includes index.
505 ## - FORMATTED CONTENTS NOTE
Table of Content Ch. 1. Why study research? --<br/>Ch. 2. Evidence-based practice --<br/>Ch. 3. Philosophy and theory in social work research --<br/>Ch. 4. The ethics and politics of social work research --<br/>Ch. 5. Culturally competent research --<br/>Ch. 6. Problem formulation --<br/>Ch. 7. Conceptualization and operationalization --<br/>Ch. 8. Measurement --<br/>Ch. 9. Constructing measurement instruments --<br/>Ch. 10. Causal inference and correlational designs --<br/>Ch. 11. Experimental designs --<br/>Ch. 12. Single-case evaluation designs --<br/>Ch. 13. Program evaluation --<br/>Ch. 14. Sampling --<br/>Ch. 15. Survey research --<br/>Ch. 16. Analyzing existing data : quantitative and qualitative methods --<br/>Ch. 17. Qualitative research : general principles --<br/>Ch. 18. Qualitative research : specific methods --<br/>Ch. 19. Qualitative data analysis --<br/>Ch. 20. Quantitative data analysis --<br/>Ch. 21. Inferential data analysis : part 1 --<br/>Ch. 22. Inferential data analysis : part 2 --<br/>Ch. 23. Writing research proposals and reports. App. A. Using the library --<br/>App. B. Statistics for estimating sampling error --<br/>App. C. Proportion under normal curve exceeded by effect-size (ES) values --<br/>App. D. Learner's guide to SPSS 11.0 for Windows.
650 #0 - SUBJECTS
Topical Term Social service
General subdivision Research
-- Methodology.
700 1# - OTHER AUTHORS
Personal name Babbie, Earl R.
942 ## - ADDED ENTRY ELEMENTS (KOHA)
Koha item type Books
Holdings
Withdrawn status Lost status Collection code Home library Current library Shelving location Date acquired Full call number Accession Number Copy number Koha item type
    Reference Methodist University Library Main Methodist University Library Main General Stacks   HV11 .R84 33948 1 Books
      Methodist University Library Main Methodist University Library Main General Stacks   HV11 .R84 33950 2 Books
      Methodist University Library Main Methodist University Library Main General Stacks   HV11 .R84 33949 3 Books
Copyright © 2026  MUG Library